Music Quiz

Random Music or Word Play Quiz
Score 0/30 Timer 06:00
0 Plays Today
% Correct
Queen
91.5%
The Beatles
89.2%
Bruce Springsteen
89%
Aerosmith
84.1%
ABBA
82.4%
Pat Benatar
80.7%
Guns N' Roses
79.8%
Prince
79.6%
The Who
79.3%
The Police
79%
Dire Straits
77.4%
Blue Öyster Cult
76.3%
The Doors
75.7%
U2
75.6%
Foreigner
72.8%
% Correct
Twisted Sister
71.6%
Pink Floyd
69%
Black Sabbath
68.6%
AC|DC
67.1%
Metallica
65.5%
Meat Loaf
65.2%
Elvis Presley
63.9%
John Mellencamp
62.4%
Sex Pistols
62.4%
Cheap Trick
61.7%
Roberta Flack
60.8%
KISS
60.6%
Van Halen
57.3%
Radiohead
57.3%
Led Zeppelin
53.6%

You're not logged in!

Compare scores with friends on all Sporcle quizzes.
OR
Log In

Sporcle TV

Today on Sporcle TV


Watch our educational content, quiz creation guides, and fun videos on Sporcle TV.

Show Comments

Extras

Top Quizzes Today


Score Distribution

Paid Content

Your Account Isn't Verified!

In order to create a playlist on Sporcle, you need to verify the email address you used during registration. Go to your Sporcle Settings to finish the process.

Report this User

Report this user for behavior that violates our Community Guidelines.

Details: